La religion la plus pratiquée dans chaque continent - Statistiques

Statistiques générales
  • Ce quiz a été pris 1 573 fois
  • Le résultat moyen est 5 sur 7
Statistiques - réponses
Pays Religion % Correct
Afrique Islam
95%
Europe Christianisme
94%
Amérique du Nord Christianisme
94%
Amérique du Sud Christianisme
94%
Océanie Christianisme
94%
Asie Hindouisme
48%
Antarctique Noot Noot
6%
Aucun quiz correspondant
Distribution des résultats
% des personnes avec chaque résultat
Percentile par nombre de réponses
Votre historique - résultats
Vous n’avez pas pris ce quiz